| 000 | 00476nam a2200157Ia 4500 | ||
|---|---|---|---|
| 008 | 230917s9999||||xx |||||||||||||| ||und|| | ||
| 020 | _cRS25 | ||
| 040 |
_e23374 _aMAIN |
||
| 041 | _aEnglish | ||
| 082 | _a150.724H879O | ||
| 100 | _aHulse, Stewart H. ed. | ||
| 245 | 0 | _aOne hundred years of psychological research in America: G Stanley hall and the Johns hopkins tradition | |
| 260 |
_aLondon _bJohn Hopkins Univeristy Press _c1986 |
||
| 300 | _axviii, 414 p. | ||
| 942 | _cBK | ||
| 999 |
_c53447 _d53447 |
||